| 000 | 00460ntaaa2200181 4500 | ||
|---|---|---|---|
| 003 | 01 | ||
| 005 | 20251027202057.0 | ||
| 008 | 0714s1973 ag 01 | ||
| 040 |
_aAR-BaBN _bspa _cAR-BaBN _eaacr _dRIC |
||
| 082 | _a252.0000 M18 | ||
| 100 |
_aMachen, J. Gresham _913522 |
||
| 245 | _aWhat is christianity? | ||
| 250 | _a1 ed. | ||
| 260 |
_aGrand Rapids : _bWilliam B. Eerdmans Publishing Company, _cc1951 |
||
| 300 | _a317 p | ||
| 500 | _aMensajes | ||
| 942 | _cBK | ||
| 999 |
_c15622 _d15622 |
||